| Tag |
First Indicator |
Second Indicator |
Subfields |
| LEADER |
00000cam a2200000 a 4500 |
| 001 |
in00000036125 |
| 005 |
20151007055354.0 |
| 008 |
871005s1988 nyu bd 00110 eng |
| 010 |
|
|
|a 87029582
|
| 020 |
|
|
|a 0313253692
|
| 035 |
|
|
|a (OCoLC)17106938
|
| 035 |
|
|
|9 AAB8062AM
|
| 040 |
|
|
|a DLC
|c DLC
|d TXA
|d UtOrBLW
|
| 049 |
|
|
|a TXAF
|c [A11112257]
|
| 050 |
0 |
0 |
|a GB10
|b .H82 1988
|
| 082 |
0 |
|
|a 910/.02/0321
|2 19
|
| 100 |
1 |
|
|a Huber, Thomas Patrick.
|
| 245 |
1 |
0 |
|a Dictionary of concepts in physical geography /
|c Thomas P. Huber, Robert P. Larkin, and Gary L. Peters.
|
| 264 |
|
1 |
|a New York :
|b Greenwood Press,
|c 1988.
|
| 300 |
|
|
|a x, 291 pages ;
|c 25 cm.
|
| 336 |
|
|
|a text
|b txt
|2 rdacontent
|
| 337 |
|
|
|a unmediated
|b n
|2 rdamedia
|
| 338 |
|
|
|a volume
|b nc
|2 rdacarrier
|
| 490 |
1 |
|
|a Reference sources for the social sciences and humanities,
|x 0730-3335 ;
|v no. 5
|
| 504 |
|
|
|a Includes bibliographies and index.
|
| 650 |
|
0 |
|a Physical geography
|v Dictionaries.
|
| 700 |
1 |
|
|a Larkin, Robert P.
|
| 700 |
1 |
|
|a Peters, Gary L.
|
| 830 |
|
0 |
|a Reference sources for the social sciences and humanities ;
|v no. 5.
|
| 999 |
|
|
|a MARS
|
| 999 |
f |
f |
|s 0ad730ce-2cf2-3499-a7f4-ab00d238de24
|i cddebeb5-1d30-3fef-86fd-31c28c0aa458
|t 0
|
| 952 |
f |
f |
|p ric
|a Texas A&M University
|b Rellis Campus
|c Joint Library Facility
|d Remote Storage
|t 0
|e GB10 .H82 1988
|h Library of Congress classification
|i unmediated -- volume
|m A14811112257
|
| 998 |
f |
f |
|a GB10 .H82 1988
|t 0
|l Remote Storage
|